Countries by Any 3 Consecutive Letters with a Map - Statistics

General Stats
  • This quiz has been taken 14,535 times
  • The average score is 130 of 196
Answers on the Map
Answers color-coded by a green-red scale on the quiz's map according to % correct below.
 
Answer Stats
Countries % Correct
United Kingdom
98%
United States
98%
China
96%
Tunisia
96%
United Arab Emirates
96%
Russia
95%
Canada
94%
Algeria
93%
Brazil
93%
Central African Republic
93%
Mauritania
93%
Belarus
92%
Chile
92%
Czech Republic
92%
Dominican Republic
92%
Indonesia
92%
Nigeria
92%
Somalia
92%
Australia
91%
France
91%
India
91%
Mexico
91%
North Macedonia
91%
Norway
91%
Saint Vincent and the Grenadines
91%
Solomon Islands
91%
South Africa
91%
Austria
90%
Finland
90%
North Korea
90%
South Sudan
90%
Spain
90%
Sweden
89%
Thailand
89%
Turkmenistan
89%
Argentina
88%
Kazakhstan
88%
Mongolia
88%
Netherlands
88%
Vatican City
88%
Afghanistan
87%
Ireland
87%
Malaysia
87%
Saudi Arabia
87%
South Korea
87%
Germany
86%
Iceland
86%
Poland
86%
Romania
86%
Guatemala
85%
Pakistan
85%
Niger
84%
Slovenia
84%
Colombia
83%
Japan
83%
Denmark
82%
Liberia
82%
Panama
82%
Iran
81%
Kyrgyzstan
81%
New Zealand
81%
Portugal
81%
Suriname
81%
Uzbekistan
81%
Egypt
80%
Tajikistan
80%
Democratic Republic of the Congo
79%
East Timor
79%
Equatorial Guinea
79%
Mali
79%
Peru
79%
Turkey
79%
Ukraine
79%
Iraq
78%
Italy
78%
Malawi
78%
Switzerland
78%
Bolivia
77%
Guinea-Bissau
76%
Papua New Guinea
76%
Antigua and Barbuda
75%
Cyprus
75%
Libya
75%
Maldives
75%
Malta
75%
Paraguay
75%
Sudan
74%
Bosnia and Herzegovina
73%
Estonia
73%
Eswatini
73%
Venezuela
73%
Federated States of Micronesia
72%
Oman
72%
Republic of the Congo
72%
Tanzania
72%
Uruguay
72%
Vietnam
72%
Cambodia
71%
Madagascar
71%
Morocco
71%
Namibia
71%
Bhutan
70%
Comoros
70%
Lithuania
69%
Marshall Islands
69%
Myanmar
69%
Nicaragua
69%
Saint Kitts and Nevis
69%
Albania
68%
Belgium
68%
Yemen
68%
Bangladesh
67%
Belize
67%
Singapore
67%
Uganda
66%
Chad
65%
Ethiopia
65%
Zambia
65%
Costa Rica
64%
Ecuador
64%
Montenegro
64%
Trinidad and Tobago
63%
Latvia
62%
Monaco
62%
Rwanda
62%
Syria
62%
Armenia
61%
Guyana
61%
Burkina Faso
60%
Serbia
60%
Angola
59%
Bulgaria
59%
Cameroon
59%
Grenada
59%
Ivory Coast
59%
São Tomé and Príncipe
59%
Cuba
58%
Mozambique
57%
Greece
56%
Nepal
56%
Andorra
55%
Philippines
55%
Bahrain
54%
Dominica
54%
Botswana
53%
Burundi
53%
Gambia
52%
Guinea
51%
Honduras
51%
Ghana
50%
Laos
50%
Sri Lanka
49%
El Salvador
47%
Kenya
47%
Bahamas
46%
Jordan
46%
Eritrea
45%
Saint Lucia
45%
Jamaica
44%
Slovakia
44%
Zimbabwe
44%
Hungary
43%
Croatia
42%
Senegal
42%
Haiti
41%
Nauru
41%
Georgia
39%
Lebanon
39%
San Marino
37%
Seychelles
37%
Azerbaijan
36%
Mauritius
36%
Togo
36%
Benin
35%
Lesotho
32%
Israel
31%
Moldova
31%
Taiwan
31%
Gabon
30%
Palau
30%
Djibouti
25%
Sierra Leone
25%
Kosovo
24%
Qatar
24%
Kiribati
23%
Kuwait
22%
Cape Verde
21%
Fiji
20%
Tonga
20%
Luxembourg
19%
Vanuatu
18%
Barbados
16%
Samoa
16%
Tuvalu
16%
Liechtenstein
14%
Brunei
9%
No matching quizzes found
Score Distribution
Percent of People with Each Score
Percentile by Number Answered
Your Score History
You have not taken this quiz